<?xml version="1.0" encoding="UTF-8"?><?xml-stylesheet type="text/xsl" href="static/style.xsl"?><OAI-PMH xmlns="http://www.openarchives.org/OAI/2.0/" xmlns:xsi="http://www.w3.org/2001/XMLSchema-instance" xsi:schemaLocation="http://www.openarchives.org/OAI/2.0/ http://www.openarchives.org/OAI/2.0/OAI-PMH.xsd"><responseDate>2026-04-17T03:56:00Z</responseDate><request verb="GetRecord" identifier="oai:www.recercat.cat:2445/214606" metadataPrefix="marc">https://recercat.cat/oai/request</request><GetRecord><record><header><identifier>oai:recercat.cat:2445/214606</identifier><datestamp>2025-11-19T20:52:15Z</datestamp><setSpec>com_2072_1057</setSpec><setSpec>col_2072_478917</setSpec><setSpec>col_2072_478938</setSpec></header><metadata><record xmlns="http://www.loc.gov/MARC21/slim" xmlns:dcterms="http://purl.org/dc/terms/" xmlns:xsi="http://www.w3.org/2001/XMLSchema-instance" xmlns:doc="http://www.lyncode.com/xoai" xsi:schemaLocation="http://www.loc.gov/MARC21/slim http://www.loc.gov/standards/marcxml/schema/MARC21slim.xsd">
   <leader>00925njm 22002777a 4500</leader>
   <datafield ind2=" " ind1=" " tag="042">
      <subfield code="a">dc</subfield>
   </datafield>
   <datafield ind2=" " ind1=" " tag="720">
      <subfield code="a">Canet Martínez, Vicent</subfield>
      <subfield code="e">author</subfield>
   </datafield>
   <datafield ind2=" " ind1=" " tag="720">
      <subfield code="a">Mesquida, Josep Maria</subfield>
      <subfield code="e">author</subfield>
   </datafield>
   <datafield ind2=" " ind1=" " tag="720">
      <subfield code="a">Casas Martí, Joan</subfield>
      <subfield code="e">author</subfield>
   </datafield>
   <datafield ind2=" " ind1=" " tag="260">
      <subfield code="c">2024-07-16T12:29:29Z</subfield>
   </datafield>
   <datafield ind2=" " ind1=" " tag="260">
      <subfield code="c">2024-07-16T12:29:29Z</subfield>
   </datafield>
   <datafield ind2=" " ind1=" " tag="260">
      <subfield code="c">2024</subfield>
   </datafield>
   <datafield ind2=" " ind1=" " tag="260">
      <subfield code="c">2024-07-16T12:29:34Z</subfield>
   </datafield>
   <datafield ind2=" " ind1=" " tag="520">
      <subfield code="a">El objetivo de esta comunicación es describir la experiencia de la Fundació Enllaç en el ámbito de la comunicación social. La entidad se dedica a las personas mayores LGBTIQ+ y su acción se centra en Cataluña. Durante este año la Fundació Enllaç se ha enfrentado a dos retos importantes muy relacionados con aspectos comunicativos: la celebración de su 15 aniversario y la colaboración en la organización del Pride, el acto reivindicativo que se realiza cada año en torno al 28 de junio y que en su última edición se ha centrado precisamente en visibilizar a las personas mayores LGBTIQ+. Desde el punto de vista de la comunicación, la Fundació Enllaç debe ofrecer un mensaje que sensibilice a la población en torno a la necesidad de acompañar a las personas LGBTIQ+ mayores debido a las circunstancias desfavorables que a menudo impactan en este colectivo. Sin embargo, divulgar este tipo de información a menudo puede provocar estigmatización, y por lo tanto, un exceso de victimización que contribuya a la creación o consolidación de actitudes edadistas y/o LGBTIQfóbicas. A través de una metodología basada en el análisis de los datos que hemos conseguido de diversos estudios y las conversaciones mantenidas con actores clave del activismo, se han identificado los núcleos de significado principales que permiten construir un discurso riguroso. En cuanto a los resultados, primero se identificaron los siguientes conceptos: bienestar, defensa, presencia y memoria y, a continuación, se realizó un conjunto importante de acciones comunicativas derivadas de esta reflexión. En conclusión, nuestra propuesta consiste en la visibilización del mayor grado de vulnerabilidad existente entre las personas mayores LGBTIQ+ resaltando, al mismo tiempo, las potencialidades y la capacidad de agencia de que también disponen este colectivo.</subfield>
   </datafield>
   <datafield tag="653" ind2=" " ind1=" ">
      <subfield code="a">Envelliment</subfield>
   </datafield>
   <datafield tag="653" ind2=" " ind1=" ">
      <subfield code="a">Identitat sexual</subfield>
   </datafield>
   <datafield tag="653" ind2=" " ind1=" ">
      <subfield code="a">Minories sexuals</subfield>
   </datafield>
   <datafield tag="653" ind2=" " ind1=" ">
      <subfield code="a">Aging</subfield>
   </datafield>
   <datafield tag="653" ind2=" " ind1=" ">
      <subfield code="a">Gender identity</subfield>
   </datafield>
   <datafield tag="653" ind2=" " ind1=" ">
      <subfield code="a">Sexual minorities</subfield>
   </datafield>
   <datafield ind2="0" ind1="0" tag="245">
      <subfield code="a">Construyendo discurso en torno a las personas mayores LGBTIQ+. Entre la necesidad del rigor y la exigencia ética</subfield>
   </datafield>
</record></metadata></record></GetRecord></OAI-PMH>